Sexual politics /

Bibliographische Detailangaben
1. Verfasser: Millett, Kate
Format: Buch
Sprache:English
Veröffentlicht: Delhi : Doaba Publications, 2021.
Schlagworte:
Classic Catalogue: View this record in Classic Catalogue
LEADER 02880nam a2200373 a 4500
001 44594
003 BD-DhAAL
005 20250811170903.0
008 250811t2021 nyu b 001 0 eng
010 |a  90009504  
020 |a 9788194962960 
035 |a 1524235 
040 |a DLC  |c DLC  |d DLC  |d BD-DhAAL 
050 0 0 |a HQ1154  |b .M5 1990 
082 0 0 |a 305.42  |2 20 
100 1 |a Millett, Kate.  |9 58997 
245 1 0 |a Sexual politics /  |c Kate Millett. 
260 |a Delhi :  |b Doaba Publications,  |c 2021. 
300 |a xviii, 345 pages ;  |c 24 cm. 
504 |a Includes bibliographical references. 
526 |x Mahruba Mowtushi, PhD Associate Professor Department of English and Humanities BRAC University Corse name and no.: Research Methodology (ENG 301) 
541 |a Book Finder International  |e 44594, 44595, 44596, 44597, 44598 
650 0 |a Women  |x History  |y Modern period, 1600-  |9 58998 
650 0 |a Feminism. 
650 0 |a Sex role. 
650 0 |a Women in literature. 
650 0 |a Sex in literature.  |9 58381 
942 |2 ddc  |c BK 
999 |c 47365  |d 47365 
952 |0 0  |1 0  |2 ddc  |4 0  |6 305_420000000000000_MIL  |7 0  |9 77987  |a BRACUL  |b BRACUL  |c GEN  |d 2025-08-04  |e Book Finder International   |g 1105.00  |l 1  |o 305.42 MIL  |p 3010044597  |r 2026-05-19  |s 2026-05-18  |t 4  |v 2210.00  |w 2025-08-04  |y BK  |x Requisitioned by Dr. Mahruba Mowtushi (Associate Professor Department of English and Humanities) for the course named- Research Methodology ‘’(ENG 301)’’ 
952 |0 0  |1 0  |2 ddc  |4 0  |6 305_420000000000000_MIL  |7 0  |9 77988  |a BRACUL  |b BRACUL  |c GEN  |d 2025-08-04  |e Book Finder International   |g 1105.00  |l 0  |o 305.42 MIL  |p 3010044598  |r 2025-08-04  |t 5  |v 2210.00  |w 2025-08-04  |y BK  |x Requisitioned by Dr. Mahruba Mowtushi (Associate Professor Department of English and Humanities) for the course named- Research Methodology ‘’(ENG 301)’’ 
952 |0 0  |1 0  |2 ddc  |4 0  |6 305_420000000000000_MIL  |7 0  |9 77989  |a BRACUL  |b BRACUL  |c GEN  |d 2025-08-04  |e Book Finder International   |g 1105.00  |l 0  |o 305.42 MIL  |p 3010044596  |r 2025-08-04  |t 3  |v 2210.00  |w 2025-08-04  |y BK  |x Requisitioned by Dr. Mahruba Mowtushi (Associate Professor Department of English and Humanities) for the course named- Research Methodology ‘’(ENG 301)’’ 
952 |0 0  |1 0  |2 ddc  |4 0  |6 305_420000000000000_MIL  |7 0  |9 77990  |a BRACUL  |b BRACUL  |c GEN  |d 2025-08-04  |e Book Finder International   |g 1105.00  |l 0  |o 305.42 MIL  |p 3010044595  |r 2025-08-04  |t 2  |v 2210.00  |w 2025-08-04  |y BK  |x Requisitioned by Dr. Mahruba Mowtushi (Associate Professor Department of English and Humanities) for the course named- Research Methodology ‘’(ENG 301)’’ 
952 |0 0  |1 0  |2 ddc  |4 0  |6 305_420000000000000_MIL  |7 0  |9 77991  |a BRACUL  |b BRACUL  |c GEN  |d 2025-08-04  |e Book Finder International   |g 1105.00  |l 0  |o 305.42 MIL  |p 3010044594  |r 2025-08-04  |t 1  |v 2210.00  |w 2025-08-04  |y BK  |x Requisitioned by Dr. Mahruba Mowtushi (Associate Professor Department of English and Humanities) for the course named- Research Methodology ‘’(ENG 301)’’